[Event "FIDE-Wch k.o."]
[Site "Moscow"]
[Date "2001.11.28"]
[Round "1.2"]
[White "Tkachiev, Vladislav"]
[Black "Hamdouchi, Hicham"]
[Result "1/2-1/2"]
[WhiteElo "2632"]
[BlackElo "2501"]
[Annotator "Finkel,A"]
[PlyCount "98"]
[EventDate "2001.11.27"]
[EventType "k.o."]
[EventRounds "7"]
[EventCountry "RUS"]
[SourceTitle "CBM 086"]
[Source "ChessBase"]
[SourceDate "2002.02.05"]
[SourceVersion "1"]
[SourceVersionDate "2002.02.05"]
[SourceQuality "1"]

1. d4 Nf6 2. c4 e6 3. Nf3 b6 4. g3 Ba6 5. b3 Bb7 (5... Bb4+ {Anand,V-Adams,M/
Wijk aan Zee/1998}) 6. Bg2 Bb4+ 7. Bd2 a5 8. O-O O-O 9. Qc2 (9. Bg5 Be7 10.
Bxf6 Bxf6 11. Nc3 d5 12. cxd5 exd5 13. Ne5 Na6 14. f4 Be7 15. f5 c5 16. e3 Rc8
17. Qf3 $13 {Ruban,V-Vyzmanavin/Novosibirsk(10)/1993/}) (9. Nc3 d5 10. cxd5
Bxc3 11. Bxc3 Bxd5 12. Ne1 Na6 13. f3 c5 14. dxc5 Nxc5 15. Nd3 Bb7 16. Nxc5
bxc5 17. Qxd8 {1/2;Chernin,A-Karpov,A/Tilburg/1992/}) 9... d6 (9... Re8 10. Nc3
h6 11. a3 Bxc3 12. Bxc3 Be4 13. Qb2 $14 {Peng Zhaoqin-Maric,A/Shanghai ctW/
1992/}) (9... h6 10. a3 (10. Nc3 Na6 (10... Re8 11. Rfe1 Bxc3 12. Bxc3 Be4 13.
Qd1 d5 14. Bh3 Bxf3 15. exf3 a4 $10 {Zsu.Polgar-Polugaevsky,L/Aruba Tumba/1992/
}) 11. a3 Bxc3 12. Bxc3 Be4 13. Qb2 d5 14. Rfd1 c6 15. Bd2 Qe7 {1/2;Psakhis,
L-Karpov,A/Baden Baden/1992/}) 10... Be7 11. Nc3 d5 12. Rfd1 (12. cxd5 exd5 13.
Bf4 Na6 14. Rfd1 Qd7 15. Be5 $14 {Van der Sterren,P-Piket,J/Wijk op/1993/})
12... Na6 (12... Qc8 $6 13. cxd5 exd5 14. Bf4 Rd8 $6 15. Nh4 $16 {Karpov,
A-Lobron,E/Baden Baden/1992/}) 13. Bc1 c5 14. cxd5 exd5 15. Bb2 Re8 $13 {
Garcia Ilundain,D-Karpov,A/Leon/1993/}) 10. Bc3 (10. a3 Bxd2 {1/2-1/2 Neverov,
V-Romanishin,O/Helsinki 1992/CBM 32 (10)} (10... Bxd2 11. Nbxd2 Nc6 $1 $146 (
11... c5 $6 12. e4 cxd4 13. Nxd4 Nc6 14. Nb5 Na7 15. Nxa7 Rxa7 16. Rad1 $14 {
Beliavsky,A-Kortschnoi,V/Biel/1992/}) (11... Nbd7 12. e4 e5 13. Rfe1 Re8 14.
Rad1 exd4 15. Nxd4 Nc5 16. f3 Ne6 17. Nf5 $14 {Granda Zuniga,J-Karpov,A/Madrid/
1992/}) 12. e4 e5 13. d5 Ne7 14. Nb1 $5 (14. Qb2 {/\b4} c6 $1 $13) 14... Bc8 $1
15. Nc3 Ng4 16. Rae1 Ng6 $13 {Hansen,L-Romanishin,O/Malmo 1993/CBM 36})) (10.
Nc3 Nbd7 11. Rfe1 Bxc3 12. Bxc3 Be4 13. Qb2 d5 14. Bh3 Bf5 15. Bxf5 exf5 16.
Nh4 $14 {Chernin,A-Romanishin,O/Taastrup/1992/}) (10. Bg5 a4 11. Nc3 Bxc3 12.
Qxc3 Nbd7 13. b4 h6 14. Bc1 b5 $1 15. cxb5 Nb6 $44 {Anand,V-Adams,M/Madrid
1998/CBM 65}) (10. Nc3) 10... d5 $5 {This move looks like waste of tempo, but
we must not forget that white also lost a tempo with Bc1-d2-c3 so a move in
the game has a right to exist.} (10... Nbd7 11. a3 Bxc3 12. Nxc3 Re8 13. e4 e5
14. d5 {1/2-1/2 Soffer,R-Bischoff,K/Bern 1990/CBM 17 (14)} (14. Rad1 Rc8 15.
Rfe1 Qe7 16. b4 axb4 17. axb4 c6 18. Qd2 {1/2-1/2 Dorfman,J-Zhang Zhong/Cap
d'Agde 2000/CBM 80 no vc (18)})) 11. a3 Be7 12. Nbd2 Na6 {I think that knight
is more natural on d7, but I guess it's just a matter of taste!} (12... Nbd7)
13. Rfd1 Rc8 14. Ne5 c5 {[%cal Gc8c2]} 15. Qb2 $5 Qc7 16. Rac1 dxc4 (16... Rfd8
17. e3 dxc4 18. Bxb7 Qxb7 19. bxc4 $14) 17. Bxb7 Qxb7 18. Ndxc4 Ne4 (18... Rfd8
) 19. dxc5 Bxc5 $6 {This move is serious inaccuracy permitting white to get an
advantage.} (19... Nxc3 $5 20. Rd7 Qe4 21. Rxc3 Bxc5 22. Rf3 f6 $132) 20. Bd4
$1 Rfd8 $2 {After this move black has to fight for a draw till the end of the
game and manages to save the game only with some help of white} (20... f6 $2
21. Nd7 $1 Bxa3 (21... Rfd8 22. Ndxb6 Rxd4 23. Rxd4 Bxd4 24. Qxd4 $16) 22. Qxa3
Qxd7 23. Nxb6 Rxc1 24. Qxf8+ $1 Kxf8 25. Nxd7+ $18) 21. Bxc5 Naxc5 22. f3 $1
$16 {[%cal Gc4d6] Knight can't move because of Nd6.} b5 23. Rxd8+ Rxd8 24. Ne3
Qb6 $1 {The only move.} (24... Rd2 $2 25. Rc2 Rxc2 26. Qxc2 Qc7 27. Nd3 $18)
25. fxe4 Nxe4 26. N5g4 f6 $1 {[%csl Ge5] Once again black finds the best
chanse.} (26... h5 $2 27. Qe5 $18) 27. Qc2 f5 28. Qc6 Qxc6 29. Rxc6 fxg4 30.
Rxe6 {[%csl Ra5,Rb5]} Nd2 (30... Nf6 $6 31. Re5 Rb8 32. a4 bxa4 33. bxa4 Rb3
34. Ng2 $16 {[%csl Ra5]}) 31. Rb6 Re8 (31... b4 32. axb4 Nxb3 33. bxa5 Nxa5 34.
Nxg4 $16) 32. Nxg4 Nxb3 33. Rxb5 a4 34. Re5 (34. Rb4 Rxe2 35. Rxa4 Nd2 36. Rf4
h5 37. Nf2 g5 38. Rf5 Kh7 39. Nh3 Kg6 40. Rxg5+ Kf6 41. Rxh5 Nf3+ 42. Kf1 Rxh2
$14) 34... Rc8 35. Ne3 {White is a pawn up, but it's not simple to convert his
material advantage into win.} (35. Re4 $16) 35... Rc3 36. Nf5 Rc1+ 37. Kf2 Ra1
38. Nd6 h6 39. Nc4 Ra2 40. Ke3 Nc1 41. Kf3 Nb3 42. Re8+ Kh7 43. h4 $5 Rc2 44.
Nb6 Nd4+ 45. Kf2 Ra2 46. Re4 (46. Nc4 Rc2 47. Nb6 $16) 46... Nb5 47. Rxa4 $2 (
47. Nxa4 Rxa3 48. Nc5 Ra7 49. Rb4 $16) 47... Nc3 48. Rb4 Rxa3 49. Nc4 $6 (49.
e4 $14) 49... Ra2 1/2-1/2

[Event "FIDE-Wch k.o."]
[Site "Moscow"]
[Date "2001.11.28"]
[Round "1.2"]
[White "Gyimesi, Zoltan"]
[Black "Conquest, Stuart"]
[Result "1/2-1/2"]
[WhiteElo "2605"]
[BlackElo "2601"]
[Annotator "Finkel,A"]
[PlyCount "91"]
[EventDate "2001.11.27"]
[EventType "k.o."]
[EventRounds "7"]
[EventCountry "RUS"]
[SourceTitle "CBM 086"]
[Source "ChessBase"]
[SourceDate "2002.02.05"]
[SourceVersion "1"]
[SourceVersionDate "2002.02.05"]
[SourceQuality "1"]

1. d4 Nf6 2. c4 e6 3. Nf3 b6 4. g3 Ba6 5. b3 Bb7 6. Bg2 Bb4+ 7. Bd2 a5 8. O-O
O-O 9. Qc2 (9. Bg5 Be7 10. Bxf6 Bxf6 11. Nc3 d5 12. cxd5 exd5 13. Ne5 Na6 14.
f4 Be7 15. f5 c5 16. e3 Rc8 17. Qf3 $13 {Ruban,V-Vyzmanavin/Novosibirsk(10)/
1993/}) (9. Nc3 d5 10. cxd5 Bxc3 11. Bxc3 Bxd5 12. Ne1 Na6 13. f3 c5 14. dxc5
Nxc5 15. Nd3 Bb7 16. Nxc5 bxc5 17. Qxd8 {1/2;Chernin,A-Karpov,A/Tilburg/1992/})
9... d6 (9... Re8 10. Nc3 h6 11. a3 Bxc3 12. Bxc3 Be4 13. Qb2 $14 {Peng
Zhaoqin-Maric,A/Shanghai ctW/1992/}) (9... h6 10. a3 (10. Nc3 Na6 (10... Re8
11. Rfe1 Bxc3 12. Bxc3 Be4 13. Qd1 d5 14. Bh3 Bxf3 15. exf3 a4 $10 {Zsu.
Polgar-Polugaevsky,L/Aruba Tumba/1992/}) 11. a3 Bxc3 12. Bxc3 Be4 13. Qb2 d5
14. Rfd1 c6 15. Bd2 Qe7 {1/2;Psakhis,L-Karpov,A/Baden Baden/1992/}) 10... Be7
11. Nc3 d5 12. Rfd1 (12. cxd5 exd5 13. Bf4 Na6 14. Rfd1 Qd7 15. Be5 $14 {
Van der Sterren,P-Piket,J/Wijk op/1993/}) 12... Na6 (12... Qc8 $6 13. cxd5 exd5
14. Bf4 Rd8 $6 15. Nh4 $16 {Karpov,A-Lobron,E/Baden Baden/1992/}) 13. Bc1 c5
14. cxd5 exd5 15. Bb2 Re8 $13 {Garcia Ilundain,D-Karpov,A/Leon/1993/}) 10. a3 (
10. Nc3 Nbd7 11. Rfe1 Bxc3 12. Bxc3 Be4 13. Qb2 d5 14. Bh3 Bf5 15. Bxf5 exf5
16. Nh4 $14 {Chernin,A-Romanishin,O/Taastrup/1992/}) (10. Re1 Re8 11. e4 e5 12.
Nc3 Nbd7 13. Re2 a4 14. Rae1 axb3 15. axb3 c6 16. Rd1 $14 {Magerramov,E-Lerner,
K/Palma de Mallorca 1989/TD}) (10. Bg5 $5) 10... Bxd2 11. Nbxd2 Nbd7 {Slightly
passive continuation, but extremly solid one.} ({Very serious attention
deserves} 11... Nc6 $1 $146 12. e4 e5 13. d5 Ne7 14. Nb1 $5 Bc8 $1 15. Nc3 Ng4
16. Rae1 Ng6 $13 {with great position for black, Hansen,L-Romanishin,O/Malmo
1993/CBM 36}) (11... c5 $6 12. e4 (12. Rfd1 Qe7 13. e4 e5 14. d5 g6 15. Ne1 h5
16. Nd3 h4 $132 {Krizsany,L-Lengyel,L/Hungary 1998/EXT 2000}) 12... cxd4 13.
Nxd4 Nc6 14. Nb5 Na7 15. Nxa7 Rxa7 16. Rad1 $14 {Beliavsky,A-Kortschnoi,V/Biel/
1992/}) 12. e4 e5 13. d5 $5 {On my opinion white has to close the center in
order to fight for the advantage, otherwise black gets very comfortable
position.} (13. Rfe1 Re8 14. Rad1 exd4 15. Nxd4 Nc5 16. f3 Ne6 17. Nf5 Qd7 18.
Nb1 Qc6 19. a4 Qc5+ $11 {Granda Zuniga,J-Karpov,A/Madrid 1992/CBM 30}) 13... c6
14. Rfc1 (14. Nh4 g6 15. b4 Nh5 16. dxc6 {[%cal Gh5g7]} Bxc6 17. Rac1 Nf4 $132)
14... Ng4 15. Bh3 (15. Ne1 cxd5 16. cxd5 (16. exd5 f5) 16... Rc8 17. Qd1 Nh6
18. Rxc8 Bxc8 19. Nc4 Qe7 $132 {[%cal Gf7f5]}) 15... Nh6 16. b4 Kh8 17. Qd3 Qe7
18. Qe3 $6 {White has made too many waiting moves while it was just perfect
timing to determine position in the center.After} (18. dxc6 Bxc6 19. Re1 $5
Rad8 (19... g6 $2 20. b5 Bb7 (20... Nc5 $2 21. Qe3 $18 {[%csl Rc6,Rh6][%cal
Ge3h6]}) 21. Bxd7 Qxd7 22. Nxe5 $16 {[%cal Gd3d7]}) 20. Rad1 Nf6 21. Nb1 $14 {
white would keep better chanses.}) 18... c5 $5 $11 19. Rab1 axb4 20. axb4 Ra7
$5 {White has certain advantage in space, but it's not enough to get serious
chanses for something more.} 21. bxc5 (21. Ne1 Rfa8 22. Nd3 Ng8 $13) 21... bxc5
22. Ra1 Rfa8 23. Qc3 Bc8 (23... Rxa1 24. Rxa1 Rxa1+ 25. Qxa1 Qd8 $11) 24. Rxa7
Rxa7 25. Nb3 {[%cal Gb3a5,Ga5c6]} Qd8 {Covering square a5} 26. Ra1 Rxa1+ 27.
Qxa1 Nb6 28. Bf1 ({Some chanses to win the game would leave} 28. Bxc8 Qxc8 29.
Nfd2 Qb7 30. Qa5 $14 {[%cal Ga5b5] ,but even in this case draw seems to be the
most likely outcome of the game.}) 28... f5 29. Nbd2 Qe7 30. Qa5 Qc7 31. Qb5
Bd7 32. Qa6 Bc8 33. Qa1 Nf7 34. Bd3 f4 35. Nb3 (35. gxf4 exf4 $15 {[%cal Gb6d7,
Gd7e5]}) 35... fxg3 36. hxg3 Nd7 37. Nfd2 Nf6 38. Qa8 h6 39. Nf1 Kh7 40. Ne3
Qb7 41. Qxb7 Bxb7 42. Kg2 g6 43. Nd2 h5 44. Bc2 Kh6 45. Ba4 Bc8 46. Bc2 1/2-1/2

[Event "EU-chT (Men) 13th"]
[Site "Leon"]
[Date "2001.11.09"]
[Round "4.3"]
[White "Del Rio de Angelis, Salvador Gabriel"]
[Black "Timoscenko, Gennadij A"]
[Result "1-0"]
[WhiteElo "2489"]
[BlackElo "2519"]
[Annotator "Finkel,A"]
[PlyCount "111"]
[EventDate "2001.11.06"]
[EventType "team-swiss"]
[EventRounds "9"]
[EventCountry "ESP"]
[SourceTitle "CBM 086"]
[Source "ChessBase"]
[SourceDate "2002.02.05"]
[SourceVersion "1"]
[SourceVersionDate "2002.02.05"]
[SourceQuality "1"]
[WhiteTeam "Spain II"]
[BlackTeam "Slovakia"]
[WhiteTeamCountry "ESP"]
[BlackTeamCountry "SVK"]

1. d4 Nf6 2. c4 e6 3. Nf3 b6 4. g3 Ba6 5. Nbd2 d5 6. Bg2 Be7 7. O-O O-O 8. b3
Bb7 (8... Nbd7 9. Bb2 Rc8 10. Re1 c5 11. e4 dxc4 12. bxc4 cxd4 13. e5 Ne8 14.
Nxd4 $14 {Azmaiparashvili,Z-Nisipeanu,L/Las Vegas 1999/CBM 72}) (8... c5 9.
cxd5 (9. Bb2 Nbd7 (9... Nc6 10. dxc5 bxc5 11. cxd5 exd5 12. Re1 Bb7 13. Rc1 Qa5
14. a3 Rfd8 $132 {Huebner,R-Sosonko,G/Biel 1976/IZT}) 10. Rc1 Rc8 11. Re1 Bb7
12. Rc2 dxc4 13. Nxc4 b5 14. Ncd2 {1/2-1/2 Adorjan,A-Kurajica,B/Debrecen 1992/
EU-chT (14)}) (9. dxc5 Bxc5 10. Bb2 Nbd7 11. Rc1 Bb7 12. Nd4 Rc8 13. Nb5 Qe7
14. cxd5 Nxd5 15. Ne4 Rfd8 16. Nxc5 Nxc5 17. Qd4 Nf6 {1/2-1/2 Piket,J-Karpov,A/
Wijk aan Zee 1998/CBM 63 (17)}) 9... Nxd5 10. Bb2 Nc6 11. dxc5 Bxc5 12. a3 Rc8
13. Re1 Nf6 14. b4 Bd4 15. Qb3 $14 {Shashin,B-Antoshin,V/Moscow 1970/MCD}) 9.
Bb2 a5 10. Qc2 (10. a3 c5 11. cxd5 exd5 12. Qc2 Na6 13. Rac1 h6 14. Rfd1 Qc8
15. Nh4 Re8 16. Nf5 Qe6 $13 {Veingold,A-Gavrikov,V/Tallinn 1999/CBM 68 ext})
10... Na6 11. Rac1 c5 {I like more 12...a4,although a move in the game is also
ok.} (11... a4 12. Qb1 axb3 13. axb3 h6 14. cxd5 exd5 15. Ne5 Re8 $132 {
Aagaard,J-Gavrikov,V/Gothenburg 1998/CBM 63}) 12. Rfd1 Qc8 (12... Rc8 13. dxc5
Nxc5 14. Qb1 $14 {[%csl Rb6]}) 13. Qb1 Rd8 14. Bh3 $5 {Intending to take on d5
and not to permit black to take with the pawn.} dxc4 $6 {[%csl Rb6]} (14... Qb8
$5 15. cxd5 exd5 16. dxc5 bxc5 17. Be5 Qa7 $132) 15. Nxc4 Be4 16. Qa1 Qb7 17.
Ng5 $14 {Now black faces problems.} Bd5 $6 {Permitting white to get very
serious advantage with very natural temporary sacrifice on f7.} (17... Bg6 18.
Ne5 cxd4 19. Nxg6 hxg6 20. Bxd4 $14) 18. Ne5 Rf8 19. f3 {[%cal Ge2e4]} Nd7 20.
Ngxf7 $1 {The position simply calls for this move.} Rxf7 21. Nxf7 Kxf7 22. e4
Bc6 23. d5 $1 (23. Bxe6+ $5 Kxe6 24. d5+ Bxd5 25. exd5+ Kf7 26. Bxg7 Bf6 27.
Bxf6 Nxf6 28. d6 $36) 23... exd5 24. exd5 Bxd5 25. Rxd5 Qxd5 26. Rd1 Qg5 (26...
Qxf3 27. Rf1 $18) 27. Rxd7 $16 {Black king feels extremly unsafe on f7.} Rd8
28. Qe1 $6 {Missing the possibility to decide the game on the spot:} (28. f4 $1
Qg6 (28... Qh6 $2 29. Bxg7 Qxh3 (29... Qxg7 30. Rxe7+ $18) 30. Qf6+ Kg8 31.
Rxd8+ Bxd8 32. Qf8#) 29. Rxd8 Bxd8 30. Qd1 {[%csl Rf7]} Be7 31. Qd5+ Kf8 32.
Qa8+ Kf7 33. f5 $18) 28... Rxd7 29. Bxd7 Nb4 (29... Nc7 30. Be5 Ne8 31. f4 $16)
30. Be6+ Kf8 31. Qe4 Bf6 32. Bd7 Qg6 33. Bf5 Qe8 $6 ({More chanses to safe the
game would leave} 33... Qf7 $5 34. Qa8+ Ke7 35. Qb7+ Kf8) 34. Bxf6 gxf6 35.
Qxe8+ Kxe8 36. a3 Nc6 37. Bxh7 Nd4 38. Bg8 $1 Nxf3+ 39. Kg2 Ne1+ 40. Kf2 Nc2
41. a4 Nd4 42. Bc4 $1 $16 Nf5 $6 {Once again black choses not the most
persistent continuation.} (42... f5 $5 43. Ke3 Ke7 44. Kf4 Kf6 $16) 43. Kf3 Nd6
44. Bd3 Kf7 45. Kf4 Ke6 46. g4 Kd5 47. h4 Kd4 48. Bg6 $18 {[%cal Gh4h8] Now
it's all over.} b5 49. h5 (49. axb5 c4 50. bxc4 a4 51. h5 a3 52. Bb1 Kc3 53. c5
(53. b6 $2 Kb2 54. Ba2 Kxa2 55. b7 Nxb7 56. h6 Kb3 57. h7 a2 $11) 53... Kb2 54.
cxd6 Kxb1 55. d7 a2 56. d8=Q a1=Q 57. Qd1+ $18) 49... bxa4 (49... c4 50. h6 c3
51. h7 Nf7 52. axb5 Kc5 53. Bc2 $18 {[%cal Gf4f6]}) 50. bxa4 c4 51. h6 c3 52.
h7 Nf7 53. Bc2 Nh8 54. Kf5 Ke3 55. Kxf6 Kd2 56. Bf5 1-0

[Event "USA-CHN Summit"]
[Site "Seattle"]
[Date "2001.03.15"]
[Round "2.6"]
[White "Zhu, Chen"]
[Black "Christiansen, Larry Mark"]
[Result "1/2-1/2"]
[WhiteElo "2538"]
[BlackElo "2566"]
[Annotator "Finkel,A"]
[PlyCount "99"]
[EventDate "2001.03.14"]
[EventType "team"]
[EventRounds "4"]
[EventCountry "USA"]
[SourceTitle "CBM 082"]
[Source "ChessBase"]
[SourceDate "2001.05.17"]
[SourceVersion "1"]
[SourceVersionDate "2001.05.17"]
[SourceQuality "1"]
[WhiteTeam "China"]
[BlackTeam "US of America"]
[WhiteTeamCountry "CHN"]
[BlackTeamCountry "USA"]

1. d4 Nf6 2. c4 e6 3. Nf3 b6 4. g3 Ba6 5. b3 Bb4+ 6. Bd2 Bxd2+ 7. Qxd2 d5 8.
Bg2 O-O 9. O-O c6 10. Qc2 (10. Ne5 Nfd7 11. Nxd7 Nxd7 12. Nc3 Nf6 13. cxd5 cxd5
$11 14. Rfc1 Qd6 15. Rc2 Rac8 16. Rac1 Rc7 17. Bf1 (17. Nb1 Rfc8 18. Rxc7 Rxc7
19. Rxc7 Qxc7 {1/2-1/2 Ivkov,B-Tal,M/Sarajevo 1966/EXT 98 (19)}) 17... Qe7 18.
e3 Bxf1 19. Kxf1 Qd7 20. a4 Rfc8 21. Nb5 Rxc2 22. Rxc2 Ne4 23. Qc1 Rxc2 24.
Qxc2 g6 25. Ke2 Nd6 26. Nxd6 Qxd6 27. f4 {1/2-1/2 Bagirov,V-Razuvaev,Y/Frunze
1979/MCL (27)}) 10... Nbd7 (10... Bb7 11. Nc3 Nbd7 12. Rad1 Qe7 13. Rfe1 Rac8
14. e4 $5 dxe4 15. Nxe4 c5 16. Nxf6+ Qxf6 17. Ne5 $1 Nxe5 18. dxe5 Qe7 19. Bxb7
Qxb7 20. Rd6 $16 {Berg,M-Muehlens,R/Germany 1998/EXT 99 (36)}) 11. Rd1 (11.
Nbd2 c5 12. Rac1 (12. e4 cxd4 13. exd5 exd5 14. Nxd4 Rc8 15. Rfe1 g6 $11 {
Gurevich,D-Christiansen,L/Estes Park 1987/EXT 97 (39)}) 12... Rc8 13. Qb2 Rc7
14. Rfd1 Qb8 15. e3 Rfc8 $11 {Xu Jun-Arnason,J/Thessaloniki 1984/EXT 97-B (33)}
) 11... Rc8 12. Ne5 $6 {After this move white has to be very carefull not to
find himself in troubles.} (12. Nbd2 c5 $11) 12... c5 $5 ({May be better was} 
12... Nxe5 $5 13. dxe5 Ng4 (13... Nd7) 14. Qc3 Qc7 15. f4 dxc4 16. h3 Nh6 17.
bxc4 Rfd8 $15 {with slightly better chanses.}) 13. Nxd7 Qxd7 14. cxd5 (14. dxc5
bxc5 15. cxd5 exd5 16. e3 Rfd8 17. Nc3 d4 $15) 14... cxd4 ({After} 14... Nxd5
15. Qb2 cxd4 16. Rxd4 Qc7 17. Na3 Qc3 18. Rd2 $11 {and white keeps an equality.
}) 15. Qb2 e5 (15... Nxd5 $11) 16. e3 Nxd5 $2 {Missing 23th move of white.
After correct} (16... Qf5 $1 17. Na3 (17. exd4 $4 Rc2 $19) 17... d3 18. Rac1 e4
$15 {white has to work very hard to keep the position balanced.}) 17. exd4 Nb4
18. Na3 Nd3 19. Qe2 (19. dxe5 $2 Qe7 {[%csl Ra3]} 20. Qe2 Qxa3 21. Rxd3 Bxd3
22. Qxd3 Qb2 $19) 19... Qxd4 20. Nc4 Bxc4 $6 (20... Rxc4 21. bxc4 Bxc4 22. Be4
Rd8 23. Qe3 b5 $11) 21. bxc4 e4 22. Bxe4 Rfe8 23. Bxd3 $1 $14 {[%cal Gd1d4]}
Rxe2 24. Bxh7+ Kxh7 25. Rxd4 Rc5 $1 26. Rh4+ (26. Rd7 Rf5 $1 27. f4 Rc5 $11 {
[%csl Rg1]}) 26... Kg6 27. Rg4+ Rg5 28. Rxg5+ Kxg5 29. a3 Kf6 $5 {[%csl Rf7]} (
29... Rc2 $6 30. Rd1 Rxc4 31. Rd7 Ra4 32. Rxf7 Rxa3 33. Rxg7+ Kf6 34. Rb7 $16)
30. Rc1 Ra2 31. Rc3 g5 32. h3 Kg6 33. Kg2 f6 34. Kf3 f5 35. h4 Ra1 36. hxg5
Kxg5 37. Kg2 Ra2 38. Kg1 Kg4 39. Kg2 Kg5 40. Kf3 Ra1 41. Ke3 Kg4 42. c5 bxc5
43. Rc4+ Kg5 44. Ra4 Re1+ 45. Kd3 Rd1+ 46. Ke2 Rd7 47. Ra5 Rc7 48. f3 f4 49.
gxf4+ Kxf4 50. Kd3 1/2-1/2